Harry Potter Character Names- Ultimate Edition - Statistics

General Stats
  • This quiz has been taken 77 times
  • The average score is 153 of 242
Answer Stats
Surname Answer % Correct
Ginny
100%
Potter Harry
100%
James
100%
Lily
100%
Albus
96%
Albus Severus
96%
James Sirius
96%
Lily Luna
96%
Weasley Arthur
94%
Fred
94%
Fred II
94%
George
94%
Luna
94%
Molly
94%
Percy
94%
Severus
94%
Black Sirius
94%
Lestrange Bellatrix
92%
Bill
92%
Charlie
92%
Draco
92%
Delacour Fleur
92%
Granger Hermione
92%
Neville
92%
Lupin Remus
92%
Ron
92%
Krum Viktor
92%
Crouch Bartemius Jr.
90%
Bartemius Sr.
90%
Cedric
90%
Chang Cho
90%
Creevey Colin
90%
Umbridge Dolores
90%
Gryffindor Godric
90%
Hufflepuff Helga
90%
Brown Lavender
90%
Malfoy Lucius
90%
McGonagall Minerva
90%
Narcissa
90%
Pettigrew Peter
90%
Skeeter Rita
90%
Ravenclaw Rowena
90%
Aberforth
88%
Dudley
88%
Abbott Hannah
88%
Hornby Olive
88%
Wood Oliver
88%
Slytherin Salazar
88%
Riddle Tom
88%
Patil Padma
86%
Dursley Petunia
86%
Finnegan Seamus
86%
Diggory Amos
84%
Thomas Dean
84%
Flitwick Filius
84%
Karkaroff Igor
84%
Bell Katie
84%
Bagman Ludovic
84%
Scamander Newt
84%
Parkinson Pansy
84%
Hagrid Rubeus
84%
Bones Susan
84%
Vernon
84%
Xenophilius
84%
Filch Argus
82%
Ariana
82%
Fudge Cornelius
82%
Greyback Fenrir
82%
Goyle Gregory
82%
Slughorn Horace
82%
de Mimsy-Porpington Nicholas
82%
Nymphadora
82%
Alice
80%
Bagshot Bathilda
80%
McLaggen Cormac
80%
Macmillan Ernie
80%
Helena
80%
Jordan Lee
80%
Gaunt Marvolo
80%
Cattermole Reginald
80%
Regulus
80%
Ted
80%
Moody Alastor
78%
Johnson Angelina
78%
Frank
78%
Lockhart Gilderoy
78%
Finch-Fletchley Justin
78%
Bagnold | Bulstrode Millicent
78%
Clearwater Penelope
78%
Trelawney Sybill
78%
Crabbe Vincent
78%
Tonks Andromeda
76%
Zabini Blaise
76%
Belby | Flint Marcus
76%
Parvati
76%
Gabrielle
73%
Shacklebolt Kingsley
73%
Marge
73%
Pomfrey Poppy
73%
Rose
73%
Scrimgeour Rufus
73%
Dennis
71%
Mary
71%
Maxime Olympe
71%
Sprout Pomona
71%
Shunpike Stan
71%
Burbage Charity
69%
Alecto
67%
Figg Arabella
67%
Ollivander Garrick
67%
Grindelwald Gellert
67%
Dumbledore Kendra
67%
Merope
67%
Quirrell Quirinus
67%
Teddy
67%
Boot Terry
67%
Spinnet Alicia
65%
Amelia
65%
Carrow Amycus
65%
Dolohov Antonin
65%
Rosier Evan
65%
Fletcher Mundungus
65%
Dippet Armando
63%
Granger-Weasley Hugo
63%
Ignotus
63%
Edgecombe Marietta
63%
Percival
63%
Rodolphus
63%
Goldstein Anthony
61%
Peverell Antioch
61%
Astoria
61%
Doge Elphias
61%
Prewett Fabian
61%
Gideon
61%
Morfin
61%
Flamel Nicolas
61%
Thicknesse Pius
61%
Rabastan
61%
Hooch Rolanda
61%
Longbottom Augusta
59%
Jorkins Bertha
59%
Sinistra Aurora
57%
Ogden Bob
57%
Cadmus
57%
Hopkirk Mafalda
57%
Goldstein Porpentina
57%
Scorpius
57%
Zacharias
57%
Runcorn Albert
55%
Rookwood Augustus
55%
Prince Eileen
55%
Dawlish John
55%
Corner Michael
55%
Davies Roger
55%
Vane Romilda
55%
Nott Theodore
55%
Grubbly-Plank Wilhelmina
55%
Bode Broderick
53%
Binns Cuthbert
53%
Diggle Dedalus
53%
Orion
53%
Polkiss Piers
53%
Macnair Walden
53%
Fleamont
51%
Marchbanks Griselda
51%
Phineas Nigellus
51%
Podmore Sturgis
51%
Victoire
51%
Walburga
51%
Kirke Andrew
49%
Warbeck Celestina
49%
McKinnon Marlene
49%
Greengrass Daphne
47%
Vance Emmeline
47%
Smith Hepzibah
47%
Sloper Jack
47%
Lyall
47%
Cresswell Dirk
45%
Peakes Jimmy
45%
Mary Lou
45%
Lovegood Pandora
45%
Roxanne
45%
Snape Tobias
45%
Abraxas
43%
Weasley 2nd Gen. Dominique
43%
Jones Hestia
43%
Vector Septima
43%
Twycross Wilkie
43%
Pucey Adrian
41%
Robins Demelza
41%
Euphemia
41%
Gwenog
41%
Hope
41%
Pince Irma
39%
Louis
37%
Gregorovitch Mykew
37%
Coote Ritchie
37%
Babbling Bathsheda
35%
Meadowes Dorcas
35%
Rowle Thorfinn
35%
Alphard
33%
Midgen Eloise
33%
Higgs Terence
33%
Bletchley Miles
31%
Queenie
31%
Rolf
31%
Fortescue Florian
29%
Lestrange Leta
29%
Lucy
29%
Fenwick Benjy
27%
Bott Bertie
27%
Kowalski Jacob
27%
Warren Myrtle
27%
Delaney-Podmore Patrick
27%
Perenelle
27%
Theseus
27%
Dearborn Caradoc
24%
Derwent Dilys
24%
Goshawk Miranda
24%
Apolline
22%
Brocklehurst Mandy
22%
Turpin Lisa
20%
Perks Sally-Anne
20%
Bones Edgar
18%
MacDougal Morag
16%
Alfred
14%
Barebone Credence
14%
Robards Gawain
14%
Whisp Kennilworthy
14%
Alderton Arkie
12%
Ellie
12%
Maisie
10%
Picquery Seraphina
10%
Chastity
8%
Hicks Eulalie
8%
Modesty
8%
Davis Tracey
8%
No matching quizzes found
Score Distribution
Percent of People with Each Score
Percentile by Number Answered
Your Score History
You have not taken this quiz